000 00487nam a22001937a 4500
003 MPLRDC
005 20220104183715.0
008 210129b ||||| |||| 00| 0 eng d
020 _a7-5302-0864-0
082 _a848.4 ZAL-28
100 _a张爱玲
245 _a郁金香
_c
250 _a一版二刷
260 _a中国
_b北京十月文艺出版社
_c2006
300 _b
490 _a张爱玲集/陈子善主编
650 _a现代别集
942 _cBK
_o848.4 ZAL-28
999 _c62530
_d62520